| 000 | 01001nam a2200325Ia 4500 | ||
|---|---|---|---|
| 999 |
_c9809 _d9809 |
||
| 001 | 10478436 | ||
| 003 | OCoLC | ||
| 005 | 20241126110719.0 | ||
| 008 | 840302t19831983tnuab 000 0 eng d | ||
| 020 | _a0687279143 | ||
| 035 | _a.b20722266 | ||
| 035 | _a3236527 | ||
| 040 |
_aNGW _cNGW _dOSU _dUtOrBLW |
||
| 082 |
_a225.07 _bMET |
||
| 090 |
_aBS2535.2 _b.M4 1983 |
||
| 090 |
_aBS2535.2 _b.M4 1983 |
||
| 090 | 0 | 0 |
_aBS2535.2 _b.M4 1983 |
| 100 | 1 |
_aMetzger, Bruce Manning _912258 |
|
| 245 | 1 | 4 |
_aThe New Testament : _bits background, growth, and content / _cBruce Manning Metzger |
| 250 | _aSecond edition, enlarged | ||
| 264 | 1 |
_aNashville : _bAbingdon, _c[1983] |
|
| 264 | 4 | _c℗♭1983 | |
| 300 |
_a309 pages : _billustrations, maps ; _c23 cm |
||
| 336 |
_atext _btxt _2rdacontent |
||
| 337 |
_aunmediated _bn _2rdamedia |
||
| 338 |
_avolume _bnc _2rdacarrier |
||
| 504 | _aIncludes bibliographies and indexes | ||
| 630 | 0 | 0 |
_aBible. _pNew Testament _xStudy and teaching _97947 |
| 942 |
_2ddc _cBK _08 |
||